Normal view
MARC view
- Rubinfeld, Daniel L.
Entry Personal Name
001 - CONTROL NUMBER
- control field: 130377
003 - CONTROL NUMBER IDENTIFIER
- control field: NUST
005 - DATE AND TIME OF LATEST TRANSACTION
- control field: 20250821104750.0
008 - FIXED-LENGTH DATA ELEMENTS
- fixed length control field: 250821|| aca||aabn | a|a d
040 ## - CATALOGING SOURCE
- Original cataloging agency: NUST
- Transcribing agency: NUST
100 ## - HEADING--PERSONAL NAME
- Personal name: Rubinfeld, Daniel L.
670 ## - SOURCE DATA FOUND
- Source citation: Work cat.: (NUST)0: Pindyck, Robert S., author. 130376, Microeconomics /
